| 000 | 00647nam a22001937a 4500 | ||
|---|---|---|---|
| 003 | BD-DhUL | ||
| 005 | 20170725122505.0 | ||
| 008 | 170725s1995 ua ||||| |||| 000 0 ara d | ||
| 040 |
_aBD-DhUL _cBD-DhUL |
||
| 082 |
_a892.709 _bABN |
||
| 100 | 3 | _aصلاح عبد الصبور۔ | |
| 245 | 0 |
_aنبض الفکر : _cصلاح عبد الصبور۔ _bقراءات فی لافن والأدب / |
|
| 246 | _aNabj al-Fikr. | ||
| 260 |
_aالقاهرة : _bالھیٔۃ المصریۃ العامۃ للکتاب, _c۱۹۹۵۔ |
||
| 300 |
_aص۔ ۲۱۱ ؛ _c۲۳ سم۔ |
||
| 365 |
_aBDT. _b700.00 |
||
| 650 | 0 | _aArabic literature | |
| 942 |
_2ddc _cBK |
||
| 999 |
_c212586 _d212586 |
||